| 000 | 00383nam a2200133Ia 4500 | ||
|---|---|---|---|
| 008 | 231129s1980||||xx |||||||||||||| ||spa|| | ||
| 040 | _bspa | ||
| 082 | _aA863 S246f | ||
| 100 | _aSarmiento Domingo F | ||
| 245 | 0 | _aFacundo: Civilizacion y barbarie: Vida de Juan Facundo Quiroga Domingo F Sarmiento | |
| 260 | _c1980 | ||
| 264 | _aMedellín Colombia: Bedout | ||
| 942 |
_2ddc _cBKS |
||
| 999 |
_c13857 _d13857 |
||